| 000 | 00395nam a2200169 a 4500 | ||
|---|---|---|---|
| 001 | 1767946523928 | ||
| 003 | YourLibrary | ||
| 005 | 20260110115633.0 | ||
| 008 | 260109s1998##################000#0#eng## | ||
| 020 | _a9783110095845 | ||
| 082 | 0 | 4 |
_a302.2 _bVON.1 |
| 245 | 1 | 0 | _aSemiotics : |
| 260 | _c1998. | ||
| 650 | 0 | _aSemiotics. | |
| 942 | _cENGLISH | ||
| 040 |
_aYourLibrary _beng _cYourLibrary |
||
| 999 |
_c608067 _d608067 |
||